Every 100,000+ city in USA: Connecticut - Statistics

General Stats
  • This quiz has been taken 63 times
  • The average score is 6 of 8
Answer Stats
Letter Population City % Correct
N-H 1,105,923 New Haven
100%
H 822,073 Hartford
98%
B 358,210 Bridgeport
95%
S 210,826 Stamford
78%
W 143,091 Waterbury
65%
D 103,880 Danbury
60%
N-B 162,019 New Britain
60%
N 126,169 Norwalk
49%
No matching quizzes found
Score Distribution
Percent of People with Each Score
Percentile by Number Answered
Your Score History
You have not taken this quiz